[Event "Benidorm 2010 - Nuevas Generaciones s16"]
[Site "Benidorm ESP"]
[Date "2010.12.04"]
[Round "1.1"]
[White "Anton Guijarro, David"]
[Black "Vilanova Olmedo, Ignaci"]
[Result "1-0"]
[WhiteElo "2421"]
[BlackElo "1684"]
[PlyCount "57"]
[EventDate "2010.12.04"]
[EventType "swiss"]
[EventRounds "7"]
[EventCountry "ESP"]
[Source "lmi"]
[SourceDate "2010.12.04"]

1. e4 c6 2. d4 d5 3. e5 Bf5 4. Nc3 e6 5. g4 Bg6 6. Nge2 h6 7. Nf4 Bh7 8. h4 Ne7
9. Nh5 Bg6 10. Nf4 Bh7 11. Be3 Nd7 12. Qd2 Qc7 13. O-O-O O-O-O 14. Nh5 Bg6 15.
Ng3 Nb6 16. b3 Ng8 17. Kb2 Bb4 18. a3 Bf8 19. f4 Qe7 20. Nb1 f6 21. Re1 fxe5
22. fxe5 Qc7 23. Bh3 Be8 24. g5 Bd7 25. Rhf1 Ne7 26. Rf7 g6 27. gxh6 Nf5 28.
Nxf5 gxf5 29. Bg5 1-0

[Event "Benidorm 2010 - Nuevas Generaciones s16"]
[Site "Benidorm ESP"]
[Date "2010.12.04"]
[Round "1.2"]
[White "Camarasa Buades, Miguel"]
[Black "Pardo Simon, David"]
[Result "0-1"]
[WhiteElo "1680"]
[BlackElo "2369"]
[PlyCount "89"]
[EventDate "2010.12.04"]
[EventType "swiss"]
[EventRounds "7"]
[EventCountry "ESP"]
[Source "lmi"]
[SourceDate "2010.12.04"]

1. d4 Nf6 2. Nf3 e6 3. Bf4 b6 4. e3 Bb7 5. Be2 c5 6. c3 cxd4 7. exd4 Be7 8. O-O
O-O 9. Nbd2 d6 10. Re1 Nbd7 11. Bd3 Re8 12. Ne4 Bxe4 13. Bxe4 Nxe4 14. Rxe4 d5
15. Re1 b5 16. Ne5 Nxe5 17. Bxe5 a5 18. Re3 Bf8 19. Qg4 Ra6 20. Rd1 b4 21. Qf3
f6 22. Bf4 bxc3 23. bxc3 Rc6 24. Qh5 Qd7 25. Rdd3 Rb6 26. h4 Qf7 27. Qf3 Rb1+
28. Kh2 Rc8 29. h5 a4 30. h6 g6 31. Qg4 Rc6 32. Rf3 Rb2 33. Bg5 f5 34. Qg3 Rxa2
35. Qh4 a3 36. g4 Rc2 37. gxf5 exf5 38. Qg3 a2 39. Rd1 Bd6 40. Bf4 Bxf4 41.
Qxf4 Qc7 42. Qxc7 Rxc7 43. Kg3 Ra7 44. Ra1 Rb2 45. Rh1 0-1

[Event "Benidorm 2010 - Nuevas Generaciones s16"]
[Site "Benidorm ESP"]
[Date "2010.12.04"]
[Round "1.3"]
[White "Suarez Uriel, Adrian"]
[Black "Rubio Garrido, David"]
[Result "1-0"]
[WhiteElo "2215"]
[BlackElo "1676"]
[PlyCount "101"]
[EventDate "2010.12.04"]
[EventType "swiss"]
[EventRounds "7"]
[EventCountry "ESP"]
[Source "lmi"]
[SourceDate "2010.12.04"]

1. e4 c5 2. Nf3 d6 3. d4 cxd4 4. Nxd4 Nf6 5. Nc3 a6 6. Bc4 e6 7. Be3 Be7 8. Bb3
O-O 9. Qe2 b5 10. O-O-O Qc7 11. f3 Rd8 12. g4 Nc6 13. g5 Nxd4 14. Bxd4 Nd7 15.
Kb1 Nc5 16. f4 Bb7 17. f5 Nxb3 18. cxb3 exf5 19. Nd5 Bxd5 20. exd5 Qd7 21. h4
Re8 22. Qf3 Bf8 23. Rc1 Re4 24. Bb6 g6 25. h5 Rc8 26. hxg6 Rxc1+ 27. Rxc1 fxg6
28. a3 Qb7 29. Rc6 Qe7 30. Rc8 Re1+ 31. Ka2 Qe4 32. Qxe4 Rxe4 33. Bc7 Kf7 34.
Ba5 f4 35. Bd2 Be7 36. Rh8 Bxg5 37. Rxh7+ Kf6 38. Rd7 Ke5 39. Rg7 Kf5 40. Kb1
Bf6 41. Rf7 Kg5 42. Kc2 Be5 43. Bc3 Kg4 44. Kd3 Re3+ 45. Kd2 Bxc3+ 46. bxc3 Re5
47. c4 f3 48. Rf6 bxc4 49. bxc4 Re4 50. Rxg6+ Kf5 51. Rxd6 1-0

[Event "Benidorm 2010 - Nuevas Generaciones s16"]
[Site "Benidorm ESP"]
[Date "2010.12.04"]
[Round "1.4"]
[White "Martinez Hernandez, Paula"]
[Black "Suarez Garcia, Carlos"]
[Result "0-1"]
[WhiteElo "1653"]
[BlackElo "2195"]
[PlyCount "56"]
[EventDate "2010.12.04"]
[EventType "swiss"]
[EventRounds "7"]
[EventCountry "ESP"]
[Source "lmi"]
[SourceDate "2010.12.04"]

1. e4 c5 2. Nc3 e6 3. g3 Nc6 4. Bg2 g6 5. d3 Bg7 6. Nge2 Nge7 7. O-O O-O 8. Be3
Nd4 9. Rb1 d5 10. Nf4 dxe4 11. Nxe4 e5 12. Ne2 Qc7 13. c3 Ne6 14. Qb3 Nf5 15.
Bd2 Rd8 16. Nc1 Rb8 17. Bg5 Nxg5 18. Nxg5 h6 19. Ne4 b5 20. Qc2 Be6 21. Nb3 Bf8
22. Rbd1 a5 23. Qd2 c4 24. Nc1 Bg7 25. a3 cxd3 26. Nxd3 Bb3 27. Rc1 Bc4 28.
Nec5 Qxc5 0-1

[Event "Benidorm 2010 - Nuevas Generaciones s16"]
[Site "Benidorm ESP"]
[Date "2010.12.04"]
[Round "1.5"]
[White "Villasenor Rubio, Emilio Jose"]
[Black "Munoz Galdos, Carlos"]
[Result "1-0"]
[WhiteElo "2168"]
[BlackElo "1634"]
[PlyCount "73"]
[EventDate "2010.12.04"]
[EventType "swiss"]
[EventRounds "7"]
[EventCountry "ESP"]
[Source "lmi"]
[SourceDate "2010.12.04"]

1. d4 Nf6 2. c4 g6 3. Nc3 d5 4. Bf4 a6 5. e3 Bg7 6. Nf3 O-O 7. a4 dxc4 8. Bxc4
c5 9. d5 Nbd7 10. e4 Nb6 11. Ba2 Nbd7 12. O-O b5 13. Re1 b4 14. Nb1 Nh5 15. Bc1
a5 16. Nbd2 Ba6 17. Bc4 Bxc4 18. Nxc4 Nb6 19. Nfd2 Nxc4 20. Nxc4 Nf6 21. Bg5
Ne8 22. Qd2 Nd6 23. Rac1 Re8 24. Bf4 Nxc4 25. Rxc4 Qd7 26. Qc2 Rec8 27. Rc1 Bd4
28. h3 e5 29. Be3 Rcb8 30. b3 f5 31. Bxd4 cxd4 32. Rc7 Qd6 33. exf5 Qxd5 34.
fxg6 d3 35. Qd2 Qe4 36. R1c4 Qf5 37. Qh6 1-0

[Event "Benidorm 2010 - Nuevas Generaciones s16"]
[Site "Benidorm ESP"]
[Date "2010.12.04"]
[Round "1.7"]
[White "Escudero Manzano, Alejandro"]
[Black "Albert Estebanez, Alex"]
[Result "1-0"]
[WhiteElo "2151"]
[BlackElo "1619"]
[PlyCount "37"]
[EventDate "2010.12.04"]
[EventType "swiss"]
[EventRounds "7"]
[EventCountry "ESP"]
[Source "lmi"]
[SourceDate "2010.12.04"]

1. e4 c5 2. Nf3 d6 3. d4 cxd4 4. Qxd4 Nc6 5. Bb5 Bd7 6. Bxc6 Bxc6 7. Nc3 Nf6 8.
Bg5 Qc7 9. O-O-O b6 10. Rhe1 Nd7 11. Nd5 Bxd5 12. exd5 f6 13. Bf4 Ne5 14. Bxe5
dxe5 15. Qe4 Rd8 16. Nh4 Qb8 17. f4 exf4 18. Nf5 Qe5 19. Qa4+ 1-0

[Event "Benidorm 2010 - Nuevas Generaciones s16"]
[Site "Benidorm ESP"]
[Date "2010.12.04"]
[Round "1.9"]
[White "Balaguer Camps, Marc"]
[Black "Mico Cebolla, Albert"]
[Result "1-0"]
[WhiteElo "2081"]
[BlackElo "1583"]
[PlyCount "95"]
[EventDate "2010.12.04"]
[EventType "swiss"]
[EventRounds "7"]
[EventCountry "ESP"]
[Source "lmi"]
[SourceDate "2010.12.04"]

1. c4 c5 2. Nf3 Nc6 3. Nc3 e6 4. e3 Nf6 5. Be2 Be7 6. O-O d5 7. cxd5 exd5 8. d4
cxd4 9. Nxd4 O-O 10. Qd3 Nb4 11. Qb1 Bd6 12. Rd1 a6 13. Bf3 Be5 14. Nde2 Be6
15. a3 Nc6 16. b4 Ne7 17. Bb2 Qc7 18. h3 Rfd8 19. Na4 Bxb2 20. Qxb2 Rd6 21. Nd4
Ne4 22. Rac1 Qb8 23. Nc5 Nxc5 24. bxc5 Rd8 25. Nxe6 fxe6 26. Qb6 Nc6 27. Rb1
Rd7 28. Bg4 Re7 29. Qb3 Qf8 30. e4 dxe4 31. Bxe6+ Kh8 32. Rd6 Qe8 33. Re1 Nd4
34. Rxd4 Rxe6 35. Qxb7 e3 36. fxe3 Rxe3 37. Rf1 Re7 38. Qf3 Rc8 39. Rf4 h6 40.
Qc3 Qc6 41. Rf5 Qe4 42. Kh1 Rc6 43. R5f4 Qg6 44. Qb3 Qe6 45. Qd3 Qg6 46. Qd8+
Re8 47. Rf8+ Rxf8 48. Rxf8+ 1-0

[Event "Benidorm 2010 - Nuevas Generaciones s16"]
[Site "Benidorm ESP"]
[Date "2010.12.04"]
[Round "1.10"]
[White "Requena Cuenca, Julia"]
[Black "Remolar Gallen, Jose"]
[Result "0-1"]
[WhiteElo "1570"]
[BlackElo "2040"]
[PlyCount "100"]
[EventDate "2010.12.04"]
[EventType "swiss"]
[EventRounds "7"]
[EventCountry "ESP"]
[Source "lmi"]
[SourceDate "2010.12.04"]

1. e4 g6 2. Nf3 c6 3. d4 d5 4. Bd3 dxe4 5. Bxe4 Bg7 6. c3 Nf6 7. Bc2 O-O 8. O-O
Nbd7 9. Bg5 h6 10. Bh4 Qb6 11. Qc1 g5 12. Bg3 Nh5 13. Re1 Re8 14. Nbd2 Nxg3 15.
hxg3 Qc7 16. Ne4 Nf8 17. Bb3 Be6 18. Qc2 b6 19. Rad1 Red8 20. c4 Rac8 21. Qe2
Qb7 22. Ne5 c5 23. Nf3 cxd4 24. Rd3 Bxc4 25. Bxc4 Rxc4 26. Ned2 Rc7 27. Nb3 Ne6
28. Qe4 Qxe4 29. Rxe4 Rc2 30. Rd2 Rxd2 31. Nbxd2 d3 32. b3 Kf8 33. Ra4 a5 34.
Rc4 Nc5 35. Kf1 f5 36. b4 Ne4 37. bxa5 b5 38. Rc1 g4 39. Nxe4 fxe4 40. Nd2 Rd4
41. Rb1 Ra4 42. Nxe4 Rxe4 43. Rxb5 d2 44. Rb1 Bc3 45. Kg1 Re1+ 46. Rxe1 dxe1=Q+
47. Kh2 Qxf2 48. a6 Bd4 49. a7 Bxa7 50. a4 Qg1# 0-1

[Event "Benidorm 2010 - Nuevas Generaciones s16"]
[Site "Benidorm ESP"]
[Date "2010.12.04"]
[Round "1.11"]
[White "Salido Polo, Veronica"]
[Black "Fernandez Cantalapiedra, Isabel"]
[Result "1-0"]
[WhiteElo "2023"]
[BlackElo "1547"]
[PlyCount "65"]
[EventDate "2010.12.04"]
[EventType "swiss"]
[EventRounds "7"]
[EventCountry "ESP"]
[Source "lmi"]
[SourceDate "2010.12.04"]

1. e4 Nf6 2. Nc3 d5 3. e5 d4 4. exf6 dxc3 5. bxc3 exf6 6. d4 Be7 7. Bd3 O-O 8.
Ne2 b6 9. Be4 c6 10. O-O Re8 11. Ng3 Bb7 12. f4 Nd7 13. Qg4 Qc7 14. Nf5 Bf8 15.
Bd3 g6 16. Ng3 c5 17. f5 Rad8 18. fxg6 fxg6 19. Bxg6 hxg6 20. Qxg6+ Bg7 21. Nh5
Re7 22. Bh6 Qc6 23. Bxg7 Qxg2+ 24. Qxg2 Bxg2 25. Kxg2 Rxg7+ 26. Nxg7 Kxg7 27.
Rae1 Kf7 28. Rf4 Rc8 29. Rfe4 Rc7 30. Re7+ Kg6 31. d5 b5 32. d6 Rb7 33. R1e3
1-0

[Event "Benidorm 2010 - Nuevas Generaciones s16"]
[Site "Benidorm ESP"]
[Date "2010.12.05"]
[Round "2.1"]
[White "Galvan Prieto, Albano"]
[Black "Anton Guijarro, David"]
[Result "0-1"]
[WhiteElo "1835"]
[BlackElo "2421"]
[PlyCount "56"]
[EventDate "2010.12.04"]
[EventType "swiss"]
[EventRounds "7"]
[EventCountry "ESP"]
[Source "lmi"]
[SourceDate "2010.12.04"]

1. e4 c5 2. Nf3 e6 3. c3 Nf6 4. d3 d5 5. e5 Nfd7 6. d4 Nc6 7. Be2 Be7 8. O-O
O-O 9. Ne1 f6 10. f4 cxd4 11. cxd4 Nxd4 12. exf6 Bxf6 13. Nd3 b6 14. Nc3 Ba6
15. Nb4 Nxe2+ 16. Nxe2 Bc4 17. Rf3 Qe7 18. Nc2 e5 19. Ne3 Qc5 20. Kh1 Bxe2 21.
Qxe2 e4 22. Rh3 d4 23. Nf1 Rfe8 24. Bd2 e3 25. Be1 Rac8 26. Qf3 Nf8 27. Ng3 Qc1
28. Rxc1 Rxc1 0-1

[Event "Benidorm 2010 - Nuevas Generaciones s16"]
[Site "Benidorm ESP"]
[Date "2010.12.05"]
[Round "2.2"]
[White "Pardo Simon, David"]
[Black "Martin Perez, Laura"]
[Result "1-0"]
[WhiteElo "2369"]
[BlackElo "1847"]
[PlyCount "43"]
[EventDate "2010.12.04"]
[EventType "swiss"]
[EventRounds "7"]
[EventCountry "ESP"]
[Source "lmi"]
[SourceDate "2010.12.04"]

1. e4 c5 2. Nc3 Nc6 3. Bb5 g6 4. Bxc6 dxc6 5. d3 Bg7 6. f4 Nf6 7. Nf3 O-O 8.
O-O Ne8 9. Qe1 e6 10. e5 f6 11. Be3 b6 12. Ne4 Nc7 13. Rd1 Nd5 14. c4 Nxe3 15.
Qxe3 Qe7 16. exf6 Bxf6 17. Ne5 Qc7 18. b3 Bd7 19. Nxf6+ Rxf6 20. d4 cxd4 21.
Qxd4 Bc8 22. Ng4 1-0

[Event "Benidorm 2010 - Nuevas Generaciones s16"]
[Site "Benidorm ESP"]
[Date "2010.12.05"]
[Round "2.3"]
[White "Orantes Taboada, Manuel"]
[Black "Suarez Uriel, Adrian"]
[Result "1/2-1/2"]
[WhiteElo "1807"]
[BlackElo "2215"]
[PlyCount "117"]
[EventDate "2010.12.04"]
[EventType "swiss"]
[EventRounds "7"]
[EventCountry "ESP"]
[Source "lmi"]
[SourceDate "2010.12.04"]

1. e4 c5 2. Nc3 Nc6 3. g3 g6 4. Bg2 Bg7 5. d3 d6 6. f4 e5 7. Nf3 Nge7 8. O-O
Nd4 9. h3 O-O 10. Nh2 exf4 11. gxf4 f5 12. Ne2 Be6 13. c3 Nxe2+ 14. Qxe2 Qd7
15. Re1 Rae8 16. h4 Bh6 17. e5 dxe5 18. fxe5 f4 19. Nf3 Nf5 20. Rd1 Bd5 21. d4
cxd4 22. cxd4 Bxf3 23. Qxf3 Nxd4 24. Qd5+ Qxd5 25. Bxd5+ Ne6 26. Bxb7 Bg7 27.
Re1 f3 28. Kf1 Nd4 29. Bd5+ Kh8 30. e6 f2 31. Re4 Nf5 32. Bf4 h6 33. Rd1 g5 34.
hxg5 hxg5 35. Bh2 g4 36. Bf4 Bh6 37. Kxf2 Nd6 38. Ke3 Nxe4 39. Bxh6 Nf2 40. Rf1
Rf5 41. Rxf2 Rxd5 42. Rf8+ Rxf8 43. Bxf8 Re5+ 44. Kf4 Rxe6 45. Kxg4 Kg8 46. Bc5
Ra6 47. a3 Kf7 48. Kf4 Ke6 49. Ke4 Ra4+ 50. Kd3 Kd5 51. Bb4 Ra6 52. Kc3 Rg6 53.
Kb3 Rg4 54. Bc3 Kc6 55. Ka2 Kc5 56. Be5 Re4 57. Bf6 Re2 58. Bc3 Kc4 59. Bh8
1/2-1/2

[Event "Benidorm 2010 - Nuevas Generaciones s16"]
[Site "Benidorm ESP"]
[Date "2010.12.05"]
[Round "2.4"]
[White "Suarez Garcia, Carlos"]
[Black "Romero Calduch, Sergio"]
[Result "1-0"]
[WhiteElo "2195"]
[BlackElo "1804"]
[PlyCount "55"]
[EventDate "2010.12.04"]
[EventType "swiss"]
[EventRounds "7"]
[EventCountry "ESP"]
[Source "lmi"]
[SourceDate "2010.12.04"]

1. d4 d5 2. c4 c6 3. Nc3 Nf6 4. Nf3 e6 5. Bg5 Nbd7 6. cxd5 exd5 7. Qc2 Be7 8.
e3 O-O 9. Bd3 Re8 10. O-O h6 11. Bh4 Ne4 12. Bxe7 Qxe7 13. Nd2 Ndf6 14. Ncxe4
Nxe4 15. Nxe4 dxe4 16. Be2 Qg5 17. Rfd1 Bh3 18. Bf1 Rad8 19. Kh1 Bg4 20. Be2
Qh4 21. Bxg4 Qxg4 22. h3 Qh4 23. Qe2 Rd6 24. Rac1 Rf6 25. Rf1 Rf3 26. Kh2 Rf6
27. Rc5 b6 28. Rh5 1-0

[Event "Benidorm 2010 - Nuevas Generaciones s16"]
[Site "Benidorm ESP"]
[Date "2010.12.05"]
[Round "2.5"]
[White "Pinsach Gelabert, Alexandre"]
[Black "Villasenor Rubio, Emilio Jose"]
[Result "0-1"]
[WhiteElo "1778"]
[BlackElo "2168"]
[PlyCount "52"]
[EventDate "2010.12.04"]
[EventType "swiss"]
[EventRounds "7"]
[EventCountry "ESP"]
[Source "lmi"]
[SourceDate "2010.12.04"]

1. d4 Nf6 2. Bg5 e6 3. e4 h6 4. Bxf6 Qxf6 5. Nc3 c5 6. d5 a6 7. a4 d6 8. Qd2
Nd7 9. f4 g5 10. Nge2 Rb8 11. fxg5 hxg5 12. Ng3 Qe5 13. O-O-O g4 14. Qf2 Bh6+
15. Kb1 b5 16. a5 b4 17. Na4 Bg7 18. dxe6 fxe6 19. Qd2 Ke7 20. Re1 Kd8 21. Bc4
Bb7 22. Qc1 Bc6 23. Nb6 Rxb6 24. axb6 Nxb6 25. Be2 Na4 26. Bxg4 Bh6 0-1

[Event "Benidorm 2010 - Nuevas Generaciones s16"]
[Site "Benidorm ESP"]
[Date "2010.12.05"]
[Round "2.6"]
[White "Vazquez Torres, Adrian"]
[Black "Galdon Jimenez, Peregrin"]
[Result "1-0"]
[WhiteElo "2166"]
[BlackElo "1752"]
[PlyCount "33"]
[EventDate "2010.12.04"]
[EventType "swiss"]
[EventRounds "7"]
[EventCountry "ESP"]
[Source "lmi"]
[SourceDate "2010.12.04"]

1. e4 d5 2. exd5 Qxd5 3. Nc3 Qa5 4. Bc4 Nf6 5. d4 Bg4 6. f3 Bf5 7. Nge2 c6 8.
Ng3 Bg6 9. O-O Qc7 10. f4 h6 11. f5 Bh7 12. Bf4 Qd7 13. d5 a6 14. Qf3 cxd5 15.
Nxd5 Nxd5 16. Bxd5 Nc6 17. Rad1 1-0

[Event "Benidorm 2010 - Nuevas Generaciones s16"]
[Site "Benidorm ESP"]
[Date "2010.12.05"]
[Round "2.8"]
[White "Rodriguez Garcia, Carlos"]
[Black "Balaguer Camps, Marc"]
[Result "0-1"]
[WhiteElo "1754"]
[BlackElo "2081"]
[PlyCount "96"]
[EventDate "2010.12.04"]
[EventType "swiss"]
[EventRounds "7"]
[EventCountry "ESP"]
[Source "lmi"]
[SourceDate "2010.12.04"]

1. e4 c5 2. Nf3 e6 3. Nc3 a6 4. d4 cxd4 5. Nxd4 Qc7 6. a3 b5 7. Bd3 Bb7 8. O-O
Nf6 9. Re1 d6 10. Kh1 Be7 11. f4 Nc6 12. Nf3 Nd7 13. Qe2 Nc5 14. Qf2 O-O 15.
Be3 Nd7 16. Qg3 Bf6 17. Bd2 Na5 18. Qh3 Nc5 19. Rab1 Nxd3 20. cxd3 Nb3 21. Red1
Rac8 22. Be1 Qb6 23. Qg3 Bc6 24. Nd2 Nxd2 25. Bxd2 Bd7 26. e5 Be7 27. Be3 Qd8
28. d4 d5 29. Qf3 f5 30. g4 fxg4 31. Qxg4 Rf5 32. Rg1 g6 33. Ne2 a5 34. Ng3 Rf7
35. Rbf1 Kh8 36. Rf2 b4 37. axb4 axb4 38. h3 Qf8 39. h4 Rg7 40. h5 Qg8 41. Rh2
Rf8 42. Ne2 gxh5 43. Qxh5 Rxg1+ 44. Nxg1 Rf5 45. Qh3 Bb5 46. Nf3 Bd3 47. Nh4
Rh5 48. Bf2 Be4+ 0-1

[Event "Benidorm 2010 - Nuevas Generaciones s16"]
[Site "Benidorm ESP"]
[Date "2010.12.05"]
[Round "2.9"]
[White "Remolar Gallen, Jose"]
[Black "Pino Fernandez, David"]
[Result "1/2-1/2"]
[WhiteElo "2040"]
[BlackElo "1741"]
[PlyCount "150"]
[EventDate "2010.12.04"]
[EventType "swiss"]
[EventRounds "7"]
[EventCountry "ESP"]
[Source "lmi"]
[SourceDate "2010.12.04"]

1. e4 c5 2. Nf3 Nc6 3. c3 d5 4. exd5 Qxd5 5. d4 cxd4 6. cxd4 Bg4 7. Be2 Nf6 8.
h3 Bf5 9. O-O Bxb1 10. Rxb1 Qxa2 11. Bd2 Qd5 12. Qa4 e6 13. Ne5 Qxd4 14. Qb5
Qb6 15. Rfc1 Be7 16. Be3 Qxb5 17. Bxb5 O-O 18. Nxc6 bxc6 19. Bxc6 Rab8 20. Bxa7
Rb4 21. Bf3 Rd8 22. b3 Nd5 23. Rc4 Rb7 24. Bd4 f6 25. Bc3 Nxc3 26. Rxc3 Rb6 27.
Be2 Rdb8 28. Rc7 R6b7 29. Rc6 Rb6 30. Rc7 Kf7 31. Bc4 R8b7 32. Rxb7 Rxb7 33.
Re1 Rb6 34. Kf1 f5 35. Re5 Bf6 36. Rxf5 Ke7 37. Ra5 e5 38. Ke2 Kd6 39. Kd3 Rc6
40. Rd5+ Kc7 41. Ke4 Rb6 42. g4 h6 43. Rxe5 Bxe5 44. Kxe5 Rf6 45. f4 Rf8 46. h4
Rf6 47. f5 Kd8 48. g5 Rb6 49. Kd5 Ke7 50. Kc5 Rb8 51. Kd5 Rd8+ 52. Ke5 Rd6 53.
Be6 Rd1 54. f6+ Kf8 55. Kf5 hxg5 56. hxg5 Rf1+ 57. Kg6 gxf6 58. gxf6 Rg1+ 59.
Kf5 Rf1+ 60. Ke5 Rf3 61. Bc4 Rh3 62. f7 Rh6 63. Kd4 Rb6 64. Kc5 Rb8 65. b4 Rc8+
66. Kd4 Ke7 67. Kd3 Rb8 68. Kc3 Rb7 69. Kb3 Rb8 70. Kc3 Rb7 71. Bd5 Rb8 72. Kc4
Kd6 73. b5 Rc8+ 74. Kd4 Rb8 75. b6 Rf8 1/2-1/2

[Event "Benidorm 2010 - Nuevas Generaciones s16"]
[Site "Benidorm ESP"]
[Date "2010.12.05"]
[Round "2.10"]
[White "Garcia Martinez, Marcos"]
[Black "Salido Polo, Veronica"]
[Result "0-1"]
[WhiteElo "1710"]
[BlackElo "2023"]
[PlyCount "42"]
[EventDate "2010.12.04"]
[EventType "swiss"]
[EventRounds "7"]
[EventCountry "ESP"]
[Source "lmi"]
[SourceDate "2010.12.04"]

1. d4 Nf6 2. g3 g6 3. Bg2 Bg7 4. Nf3 O-O 5. O-O d6 6. b3 Nbd7 7. Bb2 c5 8. a4
d5 9. Ne5 cxd4 10. Bxd4 Qc7 11. Nxd7 Bxd7 12. f4 Bf5 13. Na3 Rfd8 14. Rc1 Qd7
15. e3 Ne4 16. Bxg7 Kxg7 17. Qd4+ f6 18. Rfd1 Qc6 19. c4 dxc4 20. Qxc4 Qb6 21.
Qe2 Rxd1+ 0-1

[Event "Benidorm 2010 - Nuevas Generaciones s16"]
[Site "Benidorm ESP"]
[Date "2010.12.06"]
[Round "3.1"]
[White "Anton Guijarro, David"]
[Black "Toste Nieto, Alexandre"]
[Result "1-0"]
[WhiteElo "2421"]
[BlackElo "1939"]
[PlyCount "65"]
[EventDate "2010.12.04"]
[EventType "swiss"]
[EventRounds "7"]
[EventCountry "ESP"]
[Source "lmi"]
[SourceDate "2010.12.04"]

1. e4 c5 2. Nf3 d6 3. Nc3 a6 4. d4 cxd4 5. Nxd4 Nf6 6. h3 e5 7. Nde2 Be7 8. g4
h6 9. Bg2 Nbd7 10. O-O Qc7 11. Be3 b5 12. Ng3 Bb7 13. Nf5 Bf8 14. f4 g6 15. Ng3
Bg7 16. g5 hxg5 17. fxg5 Nh7 18. h4 Nb6 19. h5 b4 20. Nd5 Bxd5 21. exd5 Nc4 22.
Qd3 Nxe3 23. Qxe3 Qa7 24. Qxa7 Rxa7 25. Ne4 Rd7 26. hxg6 fxg6 27. a3 bxa3 28.
Rxa3 Rf8 29. Rxa6 Rxf1+ 30. Bxf1 Ke7 31. Bb5 Rc7 32. c4 Bf8 33. b4 1-0

[Event "Benidorm 2010 - Nuevas Generaciones s16"]
[Site "Benidorm ESP"]
[Date "2010.12.06"]
[Round "3.2"]
[White "Salido Polo, Veronica"]
[Black "Pardo Simon, David"]
[Result "0-1"]
[WhiteElo "2023"]
[BlackElo "2369"]
[PlyCount "58"]
[EventDate "2010.12.04"]
[EventType "swiss"]
[EventRounds "7"]
[EventCountry "ESP"]
[Source "lmi"]
[SourceDate "2010.12.04"]

1. e4 e5 2. Nc3 Nf6 3. f4 d5 4. fxe5 Nxe4 5. Qf3 Nxc3 6. bxc3 Qh4+ 7. g3 Qe4+
8. Qxe4 dxe4 9. d4 exd3 10. cxd3 Be6 11. Bg2 Nc6 12. d4 O-O-O 13. Nf3 h6 14.
O-O Na5 15. Nd2 c5 16. Ne4 cxd4 17. cxd4 Nc4 18. Rb1 Rxd4 19. Nc3 Rd7 20. Na4
Be7 21. h3 Rhd8 22. Rf3 Rc7 23. Rfb3 Rd1+ 24. Kh2 Nd2 25. Bxb7+ Rxb7 26. Rxb7
Nxb1 27. Rxe7 Rxc1 28. Rxa7 Rc2+ 29. Kg1 Nd2 0-1

[Event "Benidorm 2010 - Nuevas Generaciones s16"]
[Site "Benidorm ESP"]
[Date "2010.12.06"]
[Round "3.3"]
[White "Pozanco Romasanta, Marc"]
[Black "Suarez Garcia, Carlos"]
[Result "0-1"]
[WhiteElo "1935"]
[BlackElo "2195"]
[PlyCount "127"]
[EventDate "2010.12.04"]
[EventType "swiss"]
[EventRounds "7"]
[EventCountry "ESP"]
[Source "lmi"]
[SourceDate "2010.12.04"]

1. d4 Nf6 2. e3 b6 3. Nf3 e6 4. c4 d5 5. Nc3 Be7 6. a3 O-O 7. Be2 Bb7 8. O-O
Nbd7 9. Qc2 a6 10. b3 c5 11. cxd5 exd5 12. Bb2 Rc8 13. dxc5 bxc5 14. Rfd1 Qb6
15. Na4 Qa7 16. Ne5 Nxe5 17. Bxe5 Bc6 18. Nc3 Nd7 19. Bxg7 Kxg7 20. Nxd5 Bxd5
21. Rxd5 Nf6 22. Qc3 Rg8 23. Rf5 Qb6 24. Qe5 Qd6 25. Rg5+ Kf8 26. Rxg8+ Nxg8
27. Qxd6 Bxd6 28. Bxa6 Ra8 29. Bc4 Be5 30. Ra2 Ne7 31. a4 Nc6 32. f4 Bc3 33.
Rc2 Bb4 34. g4 Rd8 35. Kf2 Rd1 36. g5 Kg7 37. Ke2 Rb1 38. Ra2 Na5 39. Bd5 Re1+
40. Kf3 Rd1 41. Ke4 Rc1 42. Kf3 c4 43. Bxc4 Nxc4 44. bxc4 Ba5 45. h4 Rxc4 46.
h5 h6 47. Kg4 hxg5 48. Kxg5 Re4 49. h6+ Kg8 50. h7+ Kxh7 51. Kf6 Kg8 52. Ra3
Bb6 53. Rb3 Re6+ 54. Kf5 Bxe3 55. Rc3 Kg7 56. Rc4 Bb6 57. Kg5 Rg6+ 58. Kf5 Rg1
59. Rb4 Ba5 60. Rb5 Bd8 61. Rd5 Bh4 62. Re5 Rc1 63. Re4 Rc5+ 64. Kg4 0-1

[Event "Benidorm 2010 - Nuevas Generaciones s16"]
[Site "Benidorm ESP"]
[Date "2010.12.06"]
[Round "3.5"]
[White "Donado-Mazarron Gomez, Miguel"]
[Black "Vazquez Torres, Adrian"]
[Result "1-0"]
[WhiteElo "1893"]
[BlackElo "2166"]
[PlyCount "86"]
[EventDate "2010.12.04"]
[EventType "swiss"]
[EventRounds "7"]
[EventCountry "ESP"]
[Source "lmi"]
[SourceDate "2010.12.04"]

1. e4 c5 2. Nf3 d6 3. d4 cxd4 4. Nxd4 Nf6 5. Nc3 Nc6 6. f4 g6 7. Be3 Ng4 8. Bg1
Bg7 9. Be2 h5 10. h3 Nxd4 11. Bxd4 e5 12. hxg4 exd4 13. Nd5 hxg4 14. Rxh8+ Bxh8
15. Qd3 Be6 16. O-O-O Bxd5 17. exd5 Qd7 18. Qg3 O-O-O 19. Bxg4 f5 20. Bh3 Qg7
21. Re1 Qh6 22. Kb1 Kb8 23. Re6 d3 24. Qxd3 Qxf4 25. Rxg6 Qb4 26. c3 Bxc3 27.
Qxc3 Qe4+ 28. Qc2 Qe1+ 29. Qc1 Qe4+ 30. Ka1 Rc8 31. Qb1 Qxd5 32. Bxf5 Re8 33.
a3 b5 34. Rg7 Re3 35. Qc1 Rxa3+ 36. bxa3 Qe5+ 37. Qb2 Qxf5 38. Rg3 Qf1+ 39. Ka2
Qc4+ 40. Rb3 a5 41. Qc3 Qd5 42. Ka1 a4 43. Rb1 Kb7 1-0

[Event "Benidorm 2010 - Nuevas Generaciones s16"]
[Site "Benidorm ESP"]
[Date "2010.12.06"]
[Round "4.1"]
[White "Villasenor Rubio, Emilio Jose"]
[Black "Anton Guijarro, David"]
[Result "0-1"]
[WhiteElo "2168"]
[BlackElo "2421"]
[PlyCount "76"]
[EventDate "2010.12.04"]
[EventType "swiss"]
[EventRounds "7"]
[EventCountry "ESP"]
[Source "lmi"]
[SourceDate "2010.12.04"]

1. e4 c5 2. Nf3 e6 3. d4 cxd4 4. Nxd4 a6 5. Nc3 Qc7 6. Bd3 Nf6 7. f4 d6 8. g4
Nc6 9. Nb3 b5 10. Qf3 Bb7 11. Be3 Nd7 12. g5 Nc5 13. O-O Be7 14. Rac1 O-O 15.
Qh3 Nxd3 16. cxd3 Qd8 17. Rf3 f5 18. Nd4 Nxd4 19. Bxd4 Rf7 20. Re1 b4 21. Nd1
Qa5 22. Rg3 e5 23. exf5 Bc8 24. Qg2 Rb8 25. g6 hxg6 26. fxg6 Rxf4 27. Re4 Rxe4
28. Qxe4 Be6 29. Qe2 Bf6 30. Qh5 b3 31. Rh3 Bxh3 32. Qxh3 Qe1+ 33. Kg2 Qh4 34.
Qe6+ Kh8 35. Bf2 Qg5+ 36. Bg3 Qxg6 37. Qxd6 Rd8 38. Qxa6 Qxd3 0-1

[Event "Benidorm 2010 - Nuevas Generaciones s16"]
[Site "Benidorm ESP"]
[Date "2010.12.06"]
[Round "4.2"]
[White "Pardo Simon, David"]
[Black "Escudero Manzano, Alejandro"]
[Result "1-0"]
[WhiteElo "2369"]
[BlackElo "2151"]
[PlyCount "73"]
[EventDate "2010.12.04"]
[EventType "swiss"]
[EventRounds "7"]
[EventCountry "ESP"]
[Source "lmi"]
[SourceDate "2010.12.04"]

1. e4 c5 2. Nc3 a6 3. g4 b5 4. Bg2 Bb7 5. d3 e6 6. Nh3 d6 7. O-O Nd7 8. f4 h6
9. Be3 Ne7 10. a4 b4 11. Ne2 Nc6 12. Ng3 Qc7 13. c3 e5 14. fxe5 dxe5 15. Rc1
Qb6 16. Qf3 Nf6 17. g5 hxg5 18. Nxg5 Bc8 19. Nf5 Bxf5 20. exf5 Rc8 21. d4 bxc3
22. bxc3 Bd6 23. Ne4 Be7 24. dxc5 Qc7 25. Rcd1 Nxe4 26. Qxe4 Rh4 27. Qc2 e4 28.
Bxe4 Qe5 29. Bxc6+ Rxc6 30. Qf2 Rxa4 31. Bd4 Qd5 32. Rfe1 Ra2 33. Qg3 Qxf5 34.
Bf6 Qxc5+ 35. Kh1 Rc7 36. Rxe7+ Rxe7 37. Qb8+ 1-0